Cuentos para jugar (Registro nro. 13630)

000 -CABECERA
campo de control de longitud fija 01750nam a2200361Ia 4500
003 - IDENTIFICADOR DEL NÚMERO DE CONTROL
campo de control OSt
005 - FECHA Y HORA DE LA ÚLTIMA TRANSACCIÓN
campo de control 20210608174445.0
008 - DATOS DE LONGITUD FIJA--INFORMACIÓN GENERAL
campo de control de longitud fija 141031s2013 ck a g 000 j spa
020 ## - NÚMERO INTERNACIONAL ESTÁNDAR DEL LIBRO
Número Internacional Estándar del Libro 9789582401016
040 ## - FUENTE DE LA CATALOGACIÓN
Centro catalogador/agencia de origen CO-MqBPB
Lengua de catalogación spa
Normas de descripción rda
Centro/agencia transcriptor CO-MqBPB
084 ## - OTRO NÚMERO DE CLASIFICACIÓN
Número de clasificación C RODg
100 1# - ENTRADA PRINCIPAL--NOMBRE DE PERSONA
Nombre de persona Rodari, Gianni
Fechas asociadas al nombre 1920-1980
9 (RLIN) 5387
245 10 - MENCIÓN DE TÍTULO
Título Cuentos para jugar
Mención de responsabilidad, etc. Gianni Rodari ; traducción de Carmen Santos ; ilustraciones de Gianni Peg
250 ## - MENCIÓN DE EDICIÓN
Mención de edición Primera edición
264 ## - PRODUCCIÓN, PUBLICACIÓN, DISTRIBUCIÓN, FABRICACIÓN Y COPYRIGHT
Producción, publicación, distribución, fabricación y copyright Bogotá
Nombre del de productor, editor, distribuidor, fabricante Alfaguara
-- Santillana
Fecha de producción, publicación, distribución, fabricación o copyright 1994
300 ## - DESCRIPCIÓN FÍSICA
Extensión 163 páginas
Otras características físicas ilustraciones en blanco y negro
Dimensiones 20 cm.
336 ## - TIPO DE CONTENIDO
Término de tipo de contenido texto
Código de tipo de contenido txt
Fuente rdacontent
337 ## - TIPO DE MEDIO
Nombre/término del tipo de medio sin mediación
Código del tipo de medio n
Fuente rdamedia
338 ## - TIPO DE SOPORTE
Nombre/término del tipo de soporte volumen
Código del tipo de soporte nc
Fuente rdacarrier
490 ## - MENCIÓN DE SERIE
Mención de serie Alfaguara infantil
490 ## - MENCIÓN DE SERIE
Mención de serie La Biblioteca de los Niños
504 ## - NOTA DE BIBLIOGRAFÍA, ETC.
Nota de bibliografía, etc. Incluye datos biográficos del autor
505 ## - NOTA DE CONTENIDO CON FORMATO
Nota de contenido con formato El tamborilero mágico -- Pinocho el astuto -- Aquellos pobres fantasmas -- El perro que no sabía ladrar -- La casa en el desierto -- El flautista y los automóviles -- La vuelta a la ciudad -- Cuando en Milán llovieron sombreros -- Alarma en el nacimiento.
534 ## - NOTA SOBRE LA VERSIÓN ORIGINAL
Mención de título del original Tante storie per giocare
650 14 - PUNTO DE ACCESO ADICIONAL DE MATERIA--TÉRMINO DE MATERIA
Fuente del encabezamiento o término LEMB
Término de materia o nombre geográfico como elemento de entrada Cuentos infantiles italianos
Subdivisión cronológica Siglo XX
9 (RLIN) 8164
650 14 - PUNTO DE ACCESO ADICIONAL DE MATERIA--TÉRMINO DE MATERIA
Fuente del encabezamiento o término LEMB
Término de materia o nombre geográfico como elemento de entrada Literatura infantil italiana
Subdivisión cronológica Siglo XX
9 (RLIN) 8163
650 14 - PUNTO DE ACCESO ADICIONAL DE MATERIA--TÉRMINO DE MATERIA
Fuente del encabezamiento o término LEMB
Término de materia o nombre geográfico como elemento de entrada Animales
Subdivisión de forma Cuentos
9 (RLIN) 5236
650 14 - PUNTO DE ACCESO ADICIONAL DE MATERIA--TÉRMINO DE MATERIA
Fuente del encabezamiento o término LEMB
Término de materia o nombre geográfico como elemento de entrada Magia
Subdivisión de forma Cuentos
9 (RLIN) 9942
700 1# - PUNTO DE ACCESO ADICIONAL--NOMBRE DE PERSONA
Nombre de persona Peg, Gianni
Término indicativo de función/relación ilustrador
9 (RLIN) 8166
700 1# - PUNTO DE ACCESO ADICIONAL--NOMBRE DE PERSONA
Nombre de persona Santos, Carmen
Término indicativo de función/relación traductora
9 (RLIN) 92715
740 ## - PUNTO DE ACCESO ADICIONAL--TÍTULO RELACIONADO O ANALÍTICO NO CONTROLADO
Título relacionado o analítico no controlado El tamborilero mágico \ Pinocho el astuto \ Aquellos pobres fantasmas \ El perro que no sabía ladrar \ La casa en el desierto \ El flautista y los automóviles \ La vuelta a la ciudad \ Cuando en Milán llovieron sombreros \ Alarma en el nacimiento
942 ## - ELEMENTOS DE PUNTO DE ACCESO ADICIONAL (KOHA)
Fuente del sistema de clasificación o colocación
Tipo de ítem Koha Libro Infantil
Existencias
Estado de retiro Estado de pérdida Fuente del sistema de clasificación o colocación Estado dañado No para préstamo Código de colección Localización permanente Ubicación/localización actual Fecha de adquisición Fuente de adquisición Número de inventario Total de préstamos Renovaciones totales Signatura topográfica completa Código de barras Fecha visto por última vez Fecha del último préstamo Número de copia Precio válido a partir de Tipo de ítem Koha Nota pública
          Literatura Infantil Biblioteca Pública San Juan Bosco Biblioteca Pública San Juan Bosco 08/06/2021 Donación 2021 NT 6 3 C RODg MOS501296 10/05/2023 26/04/2023 Ej.1 08/06/2021 Libro Infantil Quince días

© Todos los derechos reservados para la Biblioteca Pública Municipal San Juan Bosco, 2020
Secretaria de Cultura de Mosquera
Carrera 3 N° 10 Esquina Centro Cultural Barrio El Carmén Teléfono: 8270830 Ext: 34
Funcionando con KOHA
Contacto: Biblioteca Pública Municipal San Juan Bosco/ bibliotecasanjuanbosco@mosquera-cundinamarca.gov.co
Mosquera, Cundinamarca